<?xml version="1.0" encoding="UTF-8"?>
<record
    xmlns:xsi="http://www.w3.org/2001/XMLSchema-instance"
    xsi:schemaLocation="http://www.loc.gov/MARC21/slim http://www.loc.gov/standards/marcxml/schema/MARC21slim.xsd"
    xmlns="http://www.loc.gov/MARC21/slim">

  <leader>02267agaaa2200337   4500</leader>
  <controlfield tag="001">4782</controlfield>
  <controlfield tag="003">IT-RoPAU</controlfield>
  <controlfield tag="005">20220918181237.0</controlfield>
  <controlfield tag="007">d cvaizq</controlfield>
  <controlfield tag="008">50131s9999||||xx ||| |     ||   ||und||</controlfield>
  <datafield tag="040" ind1=" " ind2=" ">
    <subfield code="a">IT-RoPAU</subfield>
    <subfield code="c">IT-RoPAU</subfield>
  </datafield>
  <datafield tag="041" ind1=" " ind2=" ">
    <subfield code="a">ITALIANO</subfield>
  </datafield>
  <datafield tag="100" ind1=" " ind2=" ">
    <subfield code="a">Bunuel Luis</subfield>
    <subfield code="g">Codice regista SPICS: 8694</subfield>
    <subfield code="9">36748</subfield>
  </datafield>
  <datafield tag="130" ind1=" " ind2=" ">
    <subfield code="a">SIMON DEL DESERTO</subfield>
    <subfield code="9">43645</subfield>
  </datafield>
  <datafield tag="240" ind1=" " ind2=" ">
    <subfield code="a">SIMON DEL DESIERTO</subfield>
    <subfield code="g">T1374</subfield>
  </datafield>
  <datafield tag="245" ind1=" " ind2=" ">
    <subfield code="a">SIMON DEL DESERTO</subfield>
    <subfield code="c">Prodotto da: Alatriste Gustavo -- Sceneggiatura: Bunuel Luis Alejandro Julio -- Diretto da: Bunuel Luis</subfield>
    <subfield code="p">NAZARIN (Rif. Codice opera principale : H4781)</subfield>
  </datafield>
  <datafield tag="246" ind1=" " ind2=" ">
    <subfield code="a">SIMON DEL DESIERTO</subfield>
  </datafield>
  <datafield tag="250" ind1=" " ind2=" ">
    <subfield code="a">Edizione Standard</subfield>
  </datafield>
  <datafield tag="260" ind1=" " ind2=" ">
    <subfield code="a">MEXICO (MESSICO)</subfield>
    <subfield code="b">ALATRISTE GUSTAVO / Distribuzione: MULTIMEDIA SAN PAOLO</subfield>
    <subfield code="g">"1965 (1&#xB0; ed.: 2004 ; Ed. Lingua Orig.: 1965)"</subfield>
  </datafield>
  <datafield tag="300" ind1=" " ind2=" ">
    <subfield code="a">DVD</subfield>
    <subfield code="b">sonoro, col.</subfield>
    <subfield code="c">45 minuti</subfield>
  </datafield>
  <datafield tag="508" ind1=" " ind2=" ">
    <subfield code="a">"Fotografia: Figueroa Gabriel; Montaggio: Savage Carlos Jr.; Musica: Lavista Raul; Sceneggiatura: Bunuel Luis Alejandro Julio; "</subfield>
  </datafield>
  <datafield tag="511" ind1=" " ind2=" ">
    <subfield code="a">"Brook Claudio; Pinal Silvia; Santovena Ortensia; Castaneda Luis; Aceves; Felix Enriqu"</subfield>
  </datafield>
  <datafield tag="520" ind1=" " ind2=" ">
    <subfield code="a">"SIMON E' UN MONACO STILITA CHE VIVE NEL DESERTO DA 6 ANNI, 6 MESI E 6 GIORNI. TRA L'INDIFFERENZA POPOLARE, COMPIE MIRACOLI STREPITOSI, SEMPRE RESISTENDO ALLE LUSINGHE DEL MONDO. SCACCIA IL DIAVOLO CHE GLI APPARE PRIMA NELLEVESTI DI UNA RAGAZZINA PERVERSA, POI IN QUELLE DI ""BUON PASTORE"" INVITANDOLO A CONCEDERSI AI PIACERI UMANI...PARADOSSALE, SURREALE, MAGICO, PICARESCO, BENE E MALE, ASCETISMO E ATTIVISMO, DISTACCO O IMMERSIONE NELLA SOCIETA', RAPPORTO INDIVIDUALE O ECCLESIALECON DIO, PECCATO E REDENZIONE, PLURALITA' DELLE TENTAZIONI ALLE QUALI ANCHE IL PIU' ASCETA DEGLI UOMINI VIENE SOTTOPOSTO, ASTUZIA DEL PECCATO NELLE SUE OFFERTE.CONTENUTI EXTRA: BIOGRAFIA E FILMOGRAFIA ESSENZIALE DEL REGISTA E DEGLI ATTORI PRINCIPALI; SCHEDA CRITICA FI FERNALDO DI GIAMMATTEO."</subfield>
  </datafield>
  <datafield tag="538" ind1=" " ind2=" ">
    <subfield code="a">PAL, STEREO</subfield>
  </datafield>
  <datafield tag="546" ind1=" " ind2=" ">
    <subfield code="a">ITALIANO</subfield>
  </datafield>
  <datafield tag="650" ind1=" " ind2=" ">
    <subfield code="a">DRAMMATICO</subfield>
    <subfield code="e">DVD-FILM [DVD]</subfield>
    <subfield code="x">Codice MATERIA SPICS: 9947</subfield>
    <subfield code="9">43646</subfield>
  </datafield>
  <datafield tag="700" ind1=" " ind2=" ">
    <subfield code="a">Bunuel Luis </subfield>
    <subfield code="e">(regista)</subfield>
    <subfield code="g">Codice regista SPICS: 8694</subfield>
    <subfield code="9">36748</subfield>
  </datafield>
  <datafield tag="700" ind1=" " ind2=" ">
    <subfield code="a">Bunuel Luis </subfield>
    <subfield code="e">(soggetto)</subfield>
    <subfield code="g">Codice Soggetto SPICS: 8694</subfield>
    <subfield code="9">43647</subfield>
  </datafield>
  <datafield tag="700" ind1=" " ind2=" ">
    <subfield code="a">Lavista Raul</subfield>
    <subfield code="e">(musica)</subfield>
    <subfield code="g">Codice Musica SPICS: 28814</subfield>
    <subfield code="9">43648</subfield>
  </datafield>
  <datafield tag="942" ind1=" " ind2=" ">
    <subfield code="c">DV</subfield>
    <subfield code="2">ddc</subfield>
  </datafield>
  <datafield tag="999" ind1=" " ind2=" ">
    <subfield code="c">105837</subfield>
    <subfield code="d">105837</subfield>
  </datafield>
  <datafield tag="952" ind1=" " ind2=" ">
    <subfield code="0">0</subfield>
    <subfield code="1">0</subfield>
    <subfield code="4">0</subfield>
    <subfield code="6">H_4782_000000000000000</subfield>
    <subfield code="7">1</subfield>
    <subfield code="a">SPICS</subfield>
    <subfield code="b">SPICS</subfield>
    <subfield code="d">2015-01-31</subfield>
    <subfield code="l">0</subfield>
    <subfield code="o">H4782</subfield>
    <subfield code="r">2015-01-31 00:00:00</subfield>
    <subfield code="w">2015-01-31</subfield>
    <subfield code="y">DV</subfield>
    <subfield code="z">Progr. Ins.: 3145 / N.Vol.:0 / Copie: 1 / Pag.:0 / Copia rara: n.d. / date import: 1.2.2015 / By Epidotti, Trombetti, Vaglietti</subfield>
  </datafield>
</record>
